00512cam a2200157ua 45000010005000000080039000050400009000440820014000531000024000672450092000912500009001832600049001923000021002416530014002626530078002761721110716n ii |||gr||||Z||||||eng cMAIN a338.95416 aMathew, T,eAuthor.1 aNorth eastern hill regions of india problems and prospects of developmentcby T. Mathew a1st. aNew Delhi:bAgricole publishing academy,981. axi; 164p:c23cm. aEconomics aNorth eastern hill regions of india problems and prospects of development